000 01736cam a2200373 a 4500
001 613523782
003 OCoLC
005 20150408114104.0
008 091009s2009 maua b 001 0 eng
010 _a2009938969
020 _a9781428231269 (student edition)
020 _a1428231269 (student edition)
020 _a9781439083246 (instructor's edition)
020 _a143908324X (instructor's edition)
020 _a9781428231276 (international student edition)
020 _a1428231277 (international student edition)
035 _a(OCoLC)613523782
040 _aDLC
_cDLC
_dEQO
_dYDXCP
050 0 _aP221
_b.L2 2011
050 _aP221
_b.L2 2011
082 _aLPC
_b411.52
100 1 _aLadefoged, Peter.
_918360
245 1 2 _aA course in phonetics /
_cPeter Ladefoged, Keith Johnson.
250 _a6th ed.
260 _aBoston, MA :
_bWadsworth/Cengage Learning,
_cc2011.
300 _axiii, 322 p. ;
_bill. ;
_c24 cm.
_e1 CD-ROM ( 4 3/4 in.)
504 _aIncludes bibliographical references and index.
505 0 _gPart 1:
_tIntroductory concepts. Articulation and acoustics -- Phonology and phonetic transcription.
_gPart 2:
_tEnglish phonetics. The consonants of English -- English vowels -- English words and sentences.
_gPart 3:
_tGeneral phonetics. Airstream mechanisms and phonation types -- Consonantal gestures -- Acoustic phonetics -- Vowels and vowel-like articulations -- Syllables and suprasegmental features -- Linguistic phonetics.
538 _aSystem requirements for accompanying computer disc: Windows 2000, XP (SP2) ; 256 MB RAM. CD-ROM drive.
650 0 _aPhonetics.
_918361
650 0 _aEnglish language
_xPhonetics.
_918362
700 1 _aJohnstone, Keith.
_918363
942 _2ddc
_cDVD
999 _c26448
_d260948